Every #1 Rap Song in Hot 100 History - Statistics

General Stats
  • This quiz has been taken 40 times
  • The average score is 30 of 76
Answer Stats
Year Song Artist % Correct
1990 Ice Ice Baby Vanilla Ice
89%
2015 See You Again Wiz Khalifa ft. Charlie Puth
77%
2017 Rockstar Post Malone ft. 21 Savage
74%
2018 This Is America Childish Gambino
74%
2018 God's Plan Drake
71%
2013 Thrift Shop Macklemore & Ryan Lewis ft. Wanz
71%
2011 Party Rock Anthem LMFAO
69%
2014 Fancy Iggy Azalea ft. Charli XCX
66%
2017 Humble Kendrick Lamar
66%
2002/2003 Lose Yourself Eminem
66%
2010 Love The Way You Lie Eminem ft. Rihanna
66%
2011 Black and Yellow Wiz Khalifa
63%
2007 Crank That (Soulja Boy) Soulja Boy
63%
1995 Gangsta's Paradise Coolio ft. L.V.
63%
2005 Gold Digger Kanye West ft. Jamie Foxx
63%
2017 Bodak Yellow Cardi B
60%
2009 Empire State of Mind Jay-Z ft. Alicia Keys
60%
2018 I Like It Cardi B ft. Bad Bunny & J Balvin
60%
2001 Ms. Jackson Outkast
60%
2018 Sad! XXXTentacion
60%
2013/2014 The Monster Eminem ft. Rihanna
60%
2003 In Da Club 50 Cent
57%
2013 Can't Hold Us Macklemore & Ryan Lewis ft. Ray Dalton
54%
1992 Jump Kriss Kross
54%
2016/2017 Black Beatles Rae Sremmurd ft. Gucci Mane
51%
1996 How Do You Want It / California Love 2Pac
51%
2012 Sexy and I Know It LMFAO
51%
2014 Timber Pitbull ft. Ke$ha
51%
2010 Not Afraid Eminem
49%
1992 Baby Got Back Sir Mix-a-Lot
46%
2005 Candy Shop 50 Cent ft. Olivia
46%
2017 Bad and Boujee Migos ft. Lil Uzi Vert
43%
2004 Drop It Like It's Hot Snoop Dogg ft. Pharrell
43%
2018 Nice For What Drake
43%
2009 Boom Boom Pow Black Eyed Peas
40%
1998 Doo Wop (That Thing) Lauryn Hill
40%
1997 I'll Be Missing You Puff Daddy ft. Faith Evans & 112
40%
2006 Ridin' Chamillionaire ft. Krayzie Bone
40%
1998 Gettin' Jiggy Wit It Will Smith
37%
2007 Stronger Kanye West
37%
2012 Whistle Flo Rida
37%
2011 Give Me Everything Pitbull ft. Ne-Yo, Afrojack & Nayer
34%
1997 Hypnotize The Notorious B.I.G.
34%
2010 Like a G6 Far East Movement ft. The Cataracs & Dev
34%
2008 Lollipop Lil Wayne ft. Static Major
34%
2008 Low Flo Rida
34%
2002 Dilemma Nelly ft. Kelly Rowland
31%
2002 Hot in Herre Nelly
31%
1991 Good Vibrations Marky Mark and the Funky Bunch
29%
2004 Slow Jamz Twista ft. Kanye West & Jamie Foxx
29%
2001 Butterfly Crazy Town
26%
2008 Live Your Life T.I. ft. Rihanna
26%
2006 London Bridge Fergie
26%
1997 Mo Money Mo Problems The Notorious B.I.G. ft. Puff Daddy & Ma$e
26%
2003 21 Questions 50 Cent ft. Nate Dogg
23%
2010 Imma Be Black Eyed Peas
23%
2010 Nothin' on You B.o.B ft. Bruno Mars
23%
2002 Always On Time Ja Rule ft. Ashanti
20%
2009 Crack A Bottle Eminem ft. Dr. Dre & 50 Cent
20%
2009 Right Round Flo Rida ft. Ke$ha
20%
1996 Tha Crossroads Bone Thugs-n-Harmony
20%
2004 The Way You Move Outkast ft. Sleepy Brown
20%
2007 This Is Why I'm Hot Mims
20%
2008 Whatever You Like T.I.
20%
2007 Give It To Me Timbaland ft. Justin Timberlake & Nelly Furtado
17%
1993 Informer Snow
17%
2004 Lean Back Terror Squad
17%
1999 Wild Wild West Will Smith
17%
2006 Laffy Taffy D4L
14%
2006 Grillz Nelly ft. Paul Wall, Ali & Gipp
11%
2006 Money Maker Ludacris ft. Pharrell
9%
2003 Shake Ya Tailfeather Nelly, P. Diddy & Murphy Lee
9%
2004 Slow Motion Juvenile ft. Soulja Slim
9%
1991 Set Adrift on Memory Bliss P.M. Dawn
6%
2003 Stand Up Ludacris ft. Shawnna
6%
1997 Can't Nobody Hold Me Down Puff Daddy ft. Ma$e
3%
No matching quizzes found
Score Distribution
Percent of People with Each Score
Percentile by Number Answered
Your Score History
You have not taken this quiz